书目信息 |
| 题名: |
古代汉语虚词通释
|
|
| 作者: | 何乐士 编 | |
| 分册: | ||
| 出版信息: | 北京 北京出版社 1985 |
|
| 页数: | 898页 | |
| 开本: | 20cm | |
| 丛书名: | ||
| 单 册: | ||
| 中图分类: | H141 , H14 | |
| 科图分类: | ||
| 主题词: | 文言文-虚词--注释 , 虚词-文言文--注释 | |
| 电子资源: | ||
| ISBN: | ||
| 000 | 00618nam0 2200241 45 | |
| 001 | 1572190825 | |
| 005 | 20150125200324.82 | |
| 010 | @d¥5.75 | |
| 100 | @a19951021d1985 em y0chiy0121 ea | |
| 101 | 0 | @achi |
| 102 | @aCN@b110000 | |
| 105 | @ay z 000yy | |
| 200 | 10 | @a古代汉语虚词通释@Agu dai han yu xu ci tong shi@f何乐士等编 |
| 210 | @a北京@c北京出版社@d1985 | |
| 215 | @a898页@d20cm | |
| 606 | @a文言文-虚词@x注释 | |
| 606 | @a虚词-文言文@x注释 | |
| 690 | @aH141@v3 | |
| 690 | @aH14@v4 | |
| 701 | 0 | @a何乐士@4编@Ahe le shi |
| 801 | 0 | @aCN@bTSSF@c20150125 |
| 801 | 2 | @aCN@bNLC |
| 905 | @aZUCC@dH14@eJY76 | |
| 古代汉语虚词通释/何乐士等编.-北京:北京出版社,1985 |
| 898页;20cm |
| ISBN :¥5.75 |
| ● |
| 相关链接 |
|
|
|
|
正题名:古代汉语虚词通释
索取号:H14/JY76
 
预约/预借
| 序号 | 登录号 | 条形码 | 馆藏地/架位号 | 状态 | 备注 |
| 1 | 7853758 | 278537585 | 学院路分馆/ [索取号:H14/JY76] | 在馆 |